Loading...

Monetarists and Keynesians, their contribution to monetary theory /

Bibliographic Details
Main Author: Morgan, Brian
Format: Printed Book
Language:English
Published: London: Macmillan, 1978.
Subjects:
LEADER 00527 a2200133 4500
008 100208b ||||| |||| 00| 0 eng d
082 |a 332.401 
100 |a Morgan, Brian. 
245 |a Monetarists and Keynesians, their contribution to monetary theory / 
260 |b Macmillan,  |a London:  |c 1978. 
650 |a Keynesian economics 
942 |c BK 
999 |c 312855  |d 312855 
952 |0 0  |1 0  |2 ddc  |4 0  |6 332_401000000000000_MOR_M  |7 0  |9 358956  |a ECN  |b ECN  |c ST1  |d 2010-09-07  |e Macmillan, Madras  |g 0.00  |i 3366  |l 0  |o 332.401 MOR/M  |p ECN3366  |r 2010-09-07  |w 2010-09-07  |y BK